000
00310nam a2200133Ia 4500
008
231129s1971||||xx |||||||||||||| ||spa||
040
_b
spa
082
_a
F843 o51ga
100
_a
Ollier Claude Ollier Claude
245
0
_a
Garantia del orden
260
_c
1971
264
_a
Seix Barral
942
_2
ddc
_c
BKS
999
_c
14346
_d
14346